Sports Quiz

Random Sports or MLB Quiz

Diamondbacks Single Season Pitching Top 10s Quiz Stats

 Plays Quiz not verified by Sporcle

Support Sporcle.
Go Orange.
Score 0/200 Timer 08:00
0 Plays Today
Statistic Player % Correct
WARRandy Johnson
100%
WARRandy Johnson
100%
WARRandy Johnson
100%
WARRandy Johnson
100%
WARRandy Johnson
100%
WRandy Johnson
100%
WRandy Johnson
100%
WRandy Johnson
100%
W-L%Randy Johnson
100%
W-L%Randy Johnson
100%
WPARandy Johnson
100%
WPARandy Johnson
100%
WPARandy Johnson
100%
WPARandy Johnson
100%
WPARandy Johnson
100%
ERARandy Johnson
100%
ERARandy Johnson
100%
ERARandy Johnson
100%
ERARandy Johnson
100%
ERARandy Johnson
100%
ERA+Randy Johnson
100%
ERA+Randy Johnson
100%
ERA+Randy Johnson
100%
ERA+Randy Johnson
100%
ERA+Randy Johnson
100%
FIPRandy Johnson
100%
FIPRandy Johnson
100%
FIPRandy Johnson
100%
FIPRandy Johnson
100%
FIPRandy Johnson
100%
IPRandy Johnson
100%
IPRandy Johnson
100%
IPRandy Johnson
100%
IPRandy Johnson
100%
IPRandy Johnson
100%
CGRandy Johnson
100%
CGRandy Johnson
100%
KRandy Johnson
100%
KRandy Johnson
100%
KRandy Johnson
100%
KRandy Johnson
100%
KRandy Johnson
100%
K / 9Randy Johnson
100%
K / 9Randy Johnson
100%
K / 9Randy Johnson
100%
K / 9Randy Johnson
100%
K / 9Randy Johnson
100%
K / BBRandy Johnson
100%
K / BBRandy Johnson
100%
K / BBRandy Johnson
100%
BB / 9Randy Johnson
100%
H / 9Randy Johnson
100%
H / 9Randy Johnson
100%
H / 9Randy Johnson
100%
H / 9Randy Johnson
100%
H / 9Randy Johnson
100%
WHIPRandy Johnson
100%
WHIPRandy Johnson
100%
WHIPRandy Johnson
100%
WHIPRandy Johnson
100%
W-L%Randy Johnson
100%
CGCorbin (2013), Hudson (2011)...
100%
WRandy Johnson
100%
PORandy Johnson
100%
CGRandy Johnson
100%
PORandy Johnson
100%
CGRandy Johnson
100%
Statistic Player % Correct
WARCurt Schilling
97.9%
WARCurt Schilling
97.9%
WCurt Schilling
97.9%
W-L%Curt Schilling
97.9%
W-L%Curt Schilling
97.9%
WPACurt Schilling
97.9%
WPACurt Schilling
97.9%
ERACurt Schilling
97.9%
ERA+Curt Schilling
97.9%
ERA+Curt Schilling
97.9%
FIPCurt Schilling
97.9%
FIPCurt Schilling
97.9%
FIPCurt Schilling
97.9%
IPCurt Schilling
97.9%
IPCurt Schilling
97.9%
KCurt Schilling
97.9%
KCurt Schilling
97.9%
K / 9Curt Schilling
97.9%
WHIPCurt Schilling
97.9%
K / BBCurt Schilling
97.9%
K / BBCurt Schilling
97.9%
K / BBCurt Schilling
97.9%
BB / 9Curt Schilling
97.9%
BB / 9Curt Schilling
97.9%
BB / 9Curt Schilling
97.9%
WHIPCurt Schilling
97.9%
WHIPCurt Schilling
97.9%
WCurt Schilling
97.9%
CGCurt Schilling
97.9%
CGCurt Schilling
97.9%
CGCurt Schilling
97.9%
W-L%Brandon Webb
88.7%
WPABrandon Webb
88.7%
ERABrandon Webb
88.7%
ERA+Brandon Webb
88.7%
IPBrandon Webb
88.7%
H / 9Brandon Webb
88.7%
GDPBrandon Webb
88.7%
GDPBrandon Webb
88.7%
GDPBrandon Webb
88.7%
GDPBrandon Webb
88.7%
ERA+Brandon Webb
88.7%
IPBrandon Webb
88.7%
WBrandon Webb
88.7%
WBrandon Webb
88.7%
WARBrandon Webb
88.7%
WARBrandon Webb
88.7%
CGBrandon Webb
88.7%
CGBrandon Webb
88.7%
FIPPatrick Corbin
81.8%
KPatrick Corbin
81.8%
K / 9Patrick Corbin
81.8%
K / BBPatrick Corbin
81.8%
H / 9Patrick Corbin
81.8%
WHIPPatrick Corbin
81.8%
WZack Greinke
79.1%
K / BBZack Greinke
79.1%
BB / 9Zack Greinke
79.1%
WHIPZack Greinke
79.1%
W-L%Zack Greinke
79.1%
W-L%Zack Greinke
79.1%
Relief ERAByung-Hyun Kim
63.4%
GByung-Hyun Kim
63.4%
SVByung-Hyun Kim
63.4%
W-L%Robbie Ray
61.6%
ERARobbie Ray
61.6%
ERA+Robbie Ray
61.6%
Statistic Player % Correct
KRobbie Ray
61.6%
K / 9Robbie Ray
61.6%
K / 9Robbie Ray
61.6%
K / 9Robbie Ray
61.6%
H / 9Robbie Ray
61.6%
W-L%Ian Kennedy
59.6%
WPAIan Kennedy
59.6%
ERAIan Kennedy
59.6%
H / 9Ian Kennedy
59.6%
WIan Kennedy
59.6%
WARDan Haren
57.9%
FIPDan Haren
57.9%
KDan Haren
57.9%
K / BBDan Haren
57.9%
K / BBDan Haren
57.9%
BB / 9Dan Haren
57.9%
BB / 9Dan Haren
57.9%
H / 9Dan Haren
57.9%
WHIPDan Haren
57.9%
Relief ERAJosé Valverde
53.4%
Relief ERAJosé Valverde
53.4%
SVJosé Valverde
53.4%
Relief ERAJ.J. Putz
45.2%
SVJ.J. Putz
45.2%
SVJ.J. Putz
45.2%
Relief ERAArchie Bradley
38%
GArchie Bradley
38%
SVFernando Rodney
35.6%
PODoug Davis
35.3%
PODoug Davis
35.3%
GDPDoug Davis
35.3%
BB / 9Brian Anderson
30.1%
BB / 9Brian Anderson
30.1%
GDPBrian Anderson
30.1%
POBrian Anderson
30.1%
POBrian Anderson
30.1%
POBrian Anderson
30.1%
POBrian Anderson
30.1%
GDPMiguel Batista
27.7%
WPABrad Ziegler
24.3%
Relief ERABrad Ziegler
24.3%
Relief ERABrad Ziegler
24.3%
GBrad Ziegler
24.3%
SVBrad Ziegler
24.3%
Relief ERABrad Ziegler
24.3%
GBrad Ziegler
24.3%
SVMatt Mantei
21.6%
SVBrad Boxberger
21.2%
IPAndy Benes
19.9%
ERAOmar Daal
18.2%
BB / 9Wade Miley
17.5%
GDPWade Miley
17.5%
POWade Miley
17.5%
POWade Miley
17.5%
SVAddison Reed
17.1%
GAndrew Chafin
14.7%
GAndrew Chafin
14.7%
GDPTrevor Cahill
14.4%
SVGregg Olson
12%
GDPJoe Saunders
11.6%
Relief ERAYoshihisa Hirano
11.3%
GChad Qualls
9.9%
GRandall Delgado
8.2%
GMike Koplove
7.2%
Relief ERAT.J. McFarland
5.8%
GÓscar Villarreal
5.5%

You're not logged in!

Compare scores with friends on all Sporcle quizzes.
OR
Log In

From the Vault

Best Selling Throwback Jerseys by State

by El_Dandy

There are some throwback jerseys, no matter how popular, that should just stay in the past.
Remove Ads.
Support Sporcle.
Get the best of Sporcle when you Go Orange. This ad-free experience offers more features, more stats, and more fun while also helping to support Sporcle. Thank you for becoming a member.

Show Comments

Extras

Top Quizzes Today


Score Distribution

Your Account Isn't Verified!

In order to create a playlist on Sporcle, you need to verify the email address you used during registration. Go to your Sporcle Settings to finish the process.

Report this User

Report this user for behavior that violates our Community Guidelines.

Details: